The digital national framework - a cross-sector solution to GI integration (Record no. 74909)
[ view plain ]
| 000 -LEADER | |
|---|---|
| fixed length control field | 01231cab a2200241 4500 |
| 001 - CONTROL NUMBER | |
| control field | X129039 |
| 008 - FIXED-LENGTH DATA ELEMENTS--GENERAL INFORMATION | |
| fixed length control field | 050314n2005 000 0 eng u |
| 035 ## - SYSTEM CONTROL NUMBER | |
| System control number | (Sirsi) u129039 |
| 100 ## - MAIN ENTRY--PERSONAL NAME | |
| Personal name | Murray, K. |
| 245 #4 - TITLE STATEMENT | |
| Title | The digital national framework - a cross-sector solution to GI integration |
| 260 ## - PUBLICATION, DISTRIBUTION, ETC. | |
| Date of publication, distribution, etc. | 2005 |
| 490 ## - SERIES STATEMENT | |
| Series statement | GIS Professional |
| Volume/sequential designation | (3) March/April 2005, 38-40 (3) |
| 520 ## - SUMMARY, ETC. | |
| Summary, etc. | Highlights the Digital National Framework (DNF), an open, politically and commercially neutral initiative that uses common encoding standards to promote wider usage of GI. The DNF was launched in 1999 to provide a permanent, maintained and definitive geographic base to which information with a geospatial content can be referenced. Examines the development of the DNF and its future and looks at the most significant implementation of DNF principles to date, namely the definition of access to land opened up under the Countryside and Rights of Way Act 2000. |
| 590 ## - LOCAL NOTE (RLIN) | |
| Local note | ABS |
| 650 ## - SUBJECT ADDED ENTRY--TOPICAL TERM | |
| Topical term or geographic name entry element | COUNTRYSIDE AND RIGHTS OF WAY ACT 2000 |
| 650 ## - SUBJECT ADDED ENTRY--TOPICAL TERM | |
| Topical term or geographic name entry element | GEOGRAPHIC INFORMATION |
| 650 ## - SUBJECT ADDED ENTRY--TOPICAL TERM | |
| Topical term or geographic name entry element | GIS |
| 650 ## - SUBJECT ADDED ENTRY--TOPICAL TERM | |
| Topical term or geographic name entry element | GEOSPATIAL INFORMATION |
| 650 ## - SUBJECT ADDED ENTRY--TOPICAL TERM | |
| Topical term or geographic name entry element | DIGITAL NATIONAL FRAMEWORK |
| 650 ## - SUBJECT ADDED ENTRY--TOPICAL TERM | |
| Topical term or geographic name entry element | MAPPING |
| 690 ## - LOCAL SUBJECT ADDED ENTRY--TOPICAL TERM (OCLC, RLIN) | |
| Topical term or geographic name as entry element | Geomatics |
| 9 (RLIN) | 6242 |
| 942 ## - ADDED ENTRY ELEMENTS (KOHA) | |
| Suppress in OPAC | 0 |
| Withdrawn status | Lost status | Source of classification or shelving scheme | Damaged status | Not for loan | Home library | Current library | Shelving location | Date acquired | Total Checkouts | Full call number | Barcode | Date last seen | Copy number | Price effective from | Koha item type |
|---|---|---|---|---|---|---|---|---|---|---|---|---|---|---|---|
| Dewey Decimal Classification | London | London | Journal article | 14/03/2005 | X129039 | 129039-1001 | 06/08/2019 | 1 | 06/08/2019 | Journal article |